Blockstales enemy quiz - Statistics

General Stats
  • This quiz has been taken 3 times
  • The average score is 51 of 92
Answer Stats
Hint Answer % Correct
Big foot
100%
Blue noob
100%
Cruel king
100%
Fear
100%
Greed
100%
Griefer
100%
Hatred
100%
Komodo dragon
100%
Noobador
100%
Pirate
100%
Red noob
100%
The ancients
100%
Zombie
100%
Ant army
50%
Anubis
50%
Apparition
50%
Bandit
50%
Banished knight
50%
Bee happy
50%
Big bandit
50%
Borange boy
50%
Bubonic plant
50%
Camel?
50%
Captain trotter
50%
Cheeky eagle
50%
Crossbow crony
50%
Cultist noob
50%
Deleter
50%
Devious rat
50%
F’ella
50%
Fin McCool
50%
Flame warrior
50%
Flaming horse
50%
Flintlock pirate
50%
Chapter 2 Flying mantis
50%
Gaur
50%
Ghost of hax
50%
Gorilla
50%
Green noob
50%
Hedgehog
50%
Chapter 3 Helmet bandit
50%
Helmet noob
50%
Hungry wolf
50%
Knightly noob
50%
Left hand
50%
Loyal knight
50%
Megaphone man
50%
Mimic
50%
Mold man
50%
Mosquito swarm
50%
Mummy
50%
Nasty badger
50%
Nooblet
50%
Phobia
50%
Pirate spirit
50%
Purple frog
50%
Purple noob
50%
Ramblin’ pot
50%
Right hand
50%
Scarab
50%
Scorched statue
50%
Sentient statue
50%
Sharp nooblet
50%
Sharp zombie
50%
Shotgun bloke
50%
Skeleton
50%
Smiling bear
50%
Chapter 1 Smugupine
50%
Snory bear
50%
Solitude
50%
Spiky killbot
50%
Squatter
50%
Suprème ant
50%
Suprème mosquito
50%
Temple guardian
50%
The great flocci
50%
Tomb raider
50%
Toxic dartman
50%
Toxic spearman
50%
Tree golem
50%
Turkey
50%
Prologue Tutorial terry
50%
Venom wizard
50%
Vessel
50%
Vlad
50%
Vulture
50%
Winged nooblet
50%
Winged zombie
50%
Confidant boulder
0%
Slasher
0%
Chapter 4 Spikes devil
0%
Your bomming pal
0%
No matching quizzes found
Score Distribution
Percent of People with Each Score
Percentile by Number Answered
Your Score History
You have not taken this quiz